[Event "DVM U20 2003"]
[Site "Ditzingen GER"]
[Date "2003.12.28"]
[Round "4"]
[White "Lingl, Xenia"]
[Black "Babczyk, Adrian"]
[Result "0-1"]
[Termination "normal"]
[Board "5.5"]
[WhiteElo "1144"]
[BlackElo "1777"]
[WhiteTeam "SV Puschendorf"]
[BlackTeam "SF Berghofen-Wambel"]
[PlyCount "124"]
[BlackFideId "24608700"]
[EventCountry "GER"]
[EventRounds "7"]
[EventType "team-swiss"]
[EventDate "2003.12.26"]

1. e4 c5 2. Nc3 d6 3. Nf3 Nf6 4. Be2 Nc6 5. O-O g6 6. d3 Bg7 7. Be3 e5 8. Qd2
O-O 9. Rad1 a6 10. Bg5 Ne7 11. Rfe1 b5 12. a3 Bb7 13. b3 Nd7 14. Bh6 f5 15.
Bxg7 Kxg7 16. Bf1 Rf6 17. g3 fxe4 18. Nh4 exd3 19. cxd3 d5 20. Bg2 Rb8 21. Nb1
d4 22. Qc1 Bxg2 23. Kxg2 Nd5 24. Nf3 Qf8 25. Nh4 Rxf2+ 26. Kg1 Rb6 27. Qg5 Qf6
28. Qg4 Rd6 29. Nd2 Nc3 30. Ne4 Nxe4 31. Qxe4 g5 32. Ng2 Qf3 33. Qxf3 Rxf3 34.
Rf1 Rdf6 35. Rfe1 Rf2 36. Rc1 Rd2 37. Red1 Rff2 38. Rxd2 Rxd2 39. Kf1 Rxd3 40.
Rb1 e4 41. Ne1 Rc3 42. Ke2 Ne5 43. Kd1 Nf3 44. Nxf3 Rxf3 45. Kc2 Rf2+ 46. Kd1
Rxh2 47. Rc1 Rh1+ 48. Kc2 d3+ 49. Kb1 Rxc1+ 50. Kxc1 e3 51. Kd1 c4 52. bxc4
bxc4 53. a4 e2+ 54. Kd2 c3+ 55. Ke1 c2 56. Kd2 e1=Q+ 57. Kxe1 c1=Q+ 58. Kf2 g4
59. a5 d2 60. Ke3 d1=Q+ 61. Ke4 Qf3+ 62. Kd4 Qcc3# 0-1

[Event "DVM U20 2003"]
[Site "Ditzingen GER"]
[Date "2003.12.28"]
[Round "4"]
[White "Menkowski, Patrick"]
[Black "Kittler, Alexander"]
[Result "1-0"]
[Termination "normal"]
[Board "5.6"]
[WhiteElo "1752"]
[BlackElo "972"]
[WhiteTeam "SF Berghofen-Wambel"]
[BlackTeam "SV Puschendorf"]
[PlyCount "147"]
[BlackFideId "24669954"]
[EventCountry "GER"]
[EventRounds "7"]
[EventType "team-swiss"]
[EventDate "2003.12.26"]

1. e4 e5 2. Nf3 Nc6 3. Bc4 Be7 4. d3 Nf6 5. O-O O-O 6. Nc3 d6 7. h3 Be6 8. Bb3
Qd7 9. Ng5 Rad8 10. f4 exf4 11. Bxf4 h6 12. Nxe6 fxe6 13. Qd2 Rf7 14. Rae1 Rdf8
15. Bh2 Nd4 16. Ne2 Nxb3 17. axb3 e5 18. Ng3 Nh7 19. Nf5 Bg5 20. Qe2 g6 21. Ne3
Bf6 22. Ng4 Bg7 23. Qe3 Rxf1+ 24. Rxf1 Rxf1+ 25. Kxf1 Qf7+ 26. Ke2 h5 27. Nf2
b6 28. Nd1 Qf6 29. Nc3 c6 30. b4 Qg5 31. Qxg5 Nxg5 32. b5 c5 33. Nd5 Kf7 34. b4
Ne6 35. c3 cxb4 36. Nxb4 Nc7 37. c4 Ke6 38. Nc6 a6 39. bxa6 Nxa6 40. Bg1 Nc5
41. Nb4 Kd7 42. Nd5 Bh6 43. Nxb6+ Kc7 44. Nd5+ Kd7 45. Be3 Bxe3 46. Kxe3 Ke6
47. Nc3 Nb3 48. Nb5 Kd7 49. d4 exd4+ 50. Nxd4 Nc5 51. Kf4 Ke7 52. Nb5 Nd3+ 53.
Ke3 Ne5 54. Na3 Kd7 55. Kf4 Ke6 56. h4 Kf6 57. Nb5 Nxc4 58. Nxd6 Nxd6 59. e5+
Ke6 60. exd6 Kxd6 61. Kg5 Ke7 62. Kxg6 Kf8 63. Kxh5 Kf7 64. g4 Kg7 65. g5 Kh7
66. g6+ Kg7 67. Kg5 Kg8 68. Kf6 Kf8 69. g7+ Kg8 70. h5 Kh7 71. Kf7 Kh6 72. g8=Q
Kxh5 73. Qg3 Kh6 74. Qg6# 1-0

[Event "DVM U20 2003"]
[Site "Ditzingen GER"]
[Date "2003.12.28"]
[Round "4"]
[White "Kühner, Christian"]
[Black "Serbu, Eli"]
[Result "1/2-1/2"]
[Termination "normal"]
[Board "6.1"]
[WhiteElo "2174"]
[BlackElo "2144"]
[WhiteTeam "ASC Theresianum Mainz"]
[BlackTeam "SV SF Aachen-Hörn"]
[PlyCount "57"]
[WhiteFideId "4679440"]
[BlackFideId "4690990"]
[EventCountry "GER"]
[EventRounds "7"]
[EventType "team-swiss"]
[EventDate "2003.12.26"]

1. c4 Nf6 2. Nc3 d5 3. cxd5 Nxd5 4. e4 Nxc3 5. bxc3 g6 6. Nf3 Bg7 7. Bc4 O-O 8.
O-O c5 9. h3 Nc6 10. Bb2 Qc7 11. Qe2 Na5 12. Rac1 Nxc4 13. Qxc4 Qa5 14. d4 Be6
15. d5 Bd7 16. Qb3 Qb6 17. Ba3 c4 18. Qxb6 axb6 19. Bxe7 Rfe8 20. d6 Rxa2 21.
e5 Rea8 22. Rb1 b5 23. Nd4 Bxe5 24. Nxb5 R8a5 25. Nc7 b5 26. Nd5 Rd2 27. Rbd1
Rxd1 28. Rxd1 Ra6 29. Nf6+ 1/2-1/2

[Event "DVM U20 2003"]
[Site "Ditzingen GER"]
[Date "2003.12.28"]
[Round "4"]
[White "Fadavian, Marius"]
[Black "Weichhold, Carsten"]
[Result "1/2-1/2"]
[Termination "normal"]
[Board "6.2"]
[WhiteElo "2042"]
[BlackElo "2013"]
[WhiteTeam "SV SF Aachen-Hörn"]
[BlackTeam "ASC Theresianum Mainz"]
[PlyCount "90"]
[WhiteFideId "4686519"]
[EventCountry "GER"]
[EventRounds "7"]
[EventType "team-swiss"]
[EventDate "2003.12.26"]

1. d4 Nf6 2. c4 g6 3. Nc3 Bg7 4. e4 d6 5. f3 O-O 6. Be3 Nbd7 7. Qd2 c5 8. Nge2
a6 9. Rd1 Qc7 10. dxc5 Nxc5 11. Nf4 Be6 12. Be2 Rab8 13. O-O Rfc8 14. b3 Qa5
15. Rc1 Ncd7 16. Rfd1 Rc7 17. Na4 Qxd2 18. Rxd2 b5 19. Nc3 Rbc8 20. Rcd1 Ne5
21. Ncd5 Bxd5 22. Nxd5 Nxd5 23. cxd5 Nd7 24. Kf2 Ra8 25. a4 b4 26. Bc4 Nc5 27.
Ke2 Nxa4 28. Rc1 Nc3+ 29. Kf1 a5 30. Rdc2 a4 31. Bd2 a3 32. Bxc3 Bxc3 33. Rxc3
bxc3 34. Ke2 Kg7 35. Kd3 Kf6 36. Kxc3 e6 37. Kd4 Kg7 38. Ra1 Kf6 39. Rc1 Ke7
40. Ra1 Rcc8 41. Ra2 Ra5 42. h3 exd5 43. Bxd5 f5 44. Bc4 fxe4 45. fxe4 Kd7
1/2-1/2

[Event "DVM U20 2003"]
[Site "Ditzingen GER"]
[Date "2003.12.28"]
[Round "4"]
[White "Resa, Tobias"]
[Black "Probst, Patrick"]
[Result "1-0"]
[Termination "normal"]
[Board "6.3"]
[WhiteElo "1915"]
[BlackElo "1826"]
[WhiteTeam "ASC Theresianum Mainz"]
[BlackTeam "SV SF Aachen-Hörn"]
[PlyCount "67"]
[EventCountry "GER"]
[EventRounds "7"]
[EventType "team-swiss"]
[EventDate "2003.12.26"]

1. e4 e6 2. d4 d5 3. Nd2 Nf6 4. e5 Nfd7 5. f4 c5 6. c3 Nc6 7. Ndf3 Qb6 8. Ne2
Be7 9. a3 a5 10. b3 f6 11. h4 fxe5 12. dxe5 O-O 13. Ng3 a4 14. Bd3 Qxb3 15.
Bxh7+ Kxh7 16. Ng5+ Kg8 17. Qd3 Bxg5 18. hxg5 Kf7 19. Nh5 Rh8 20. g6+ Ke7 21.
Qg3 Kd8 22. Rh3 Rg8 23. Qg5+ Kc7 24. Nxg7 Rxg7 25. Qh6 Rg8 26. Qh7 Re8 27. g7
Ne7 28. Qh5 Kd8 29. Qf7 Ng8 30. f5 exf5 31. Bg5+ Ndf6 32. Bxf6+ Nxf6 33. Qxf6+
Kc7 34. Qd6# 1-0

[Event "DVM U20 2003"]
[Site "Ditzingen GER"]
[Date "2003.12.28"]
[Round "4"]
[White "Jürgens, Florian"]
[Black "Schilling, Christian"]
[Result "1/2-1/2"]
[Termination "normal"]
[Board "6.4"]
[WhiteElo "1743"]
[BlackElo "1649"]
[WhiteTeam "SV SF Aachen-Hörn"]
[BlackTeam "ASC Theresianum Mainz"]
[PlyCount "111"]
[EventCountry "GER"]
[EventRounds "7"]
[EventType "team-swiss"]
[EventDate "2003.12.26"]

1. e4 c5 2. c3 d5 3. exd5 Qxd5 4. d4 e6 5. Nf3 cxd4 6. Qxd4 Nf6 7. Bc4 Qxd4 8.
Nxd4 a6 9. Bf4 Be7 10. O-O O-O 11. Nd2 b5 12. Be2 Bb7 13. Bf3 Bd5 14. Bxd5 Nxd5
15. Bxb8 Raxb8 16. Nc6 Rb7 17. Nxe7+ Nxe7 18. Nb3 Rd7 19. Nc5 Rd6 20. a4 Nd5
21. axb5 axb5 22. Ra5 Rb8 23. Rfa1 Kf8 24. Ra8 Rxa8 25. Rxa8+ Ke7 26. Ra7+ Ke8
27. g3 Rc6 28. Nb3 b4 29. Na5 Rc7 30. Rxc7 Nxc7 31. cxb4 Kd7 32. Kf1 Nd5 33. b5
Kd6 34. Nc4+ Kc5 35. b6 Nxb6 36. Nxb6 Kxb6 37. Ke2 Kc5 38. Kd3 Kb4 39. Kc2 e5
40. g4 f6 41. h4 g6 42. h5 gxh5 43. gxh5 Kc4 44. h6 f5 45. f3 e4 46. fxe4 fxe4
47. Kd2 Kb3 48. Ke3 Kxb2 49. Kxe4 Kc3 50. Ke5 Kc4 51. Kf6 Kd5 52. Ke7 Kc6 53.
Kf6 Kd7 54. Kf7 Kd6 55. Kg7 Ke7 56. Kg8 1/2-1/2

[Event "DVM U20 2003"]
[Site "Ditzingen GER"]
[Date "2003.12.28"]
[Round "4"]
[White "Katte, Nicolas"]
[Black "Delpy, Rene"]
[Result "1/2-1/2"]
[Termination "normal"]
[Board "6.5"]
[WhiteElo "1655"]
[BlackElo "1508"]
[WhiteTeam "ASC Theresianum Mainz"]
[BlackTeam "SV SF Aachen-Hörn"]
[PlyCount "76"]
[WhiteFideId "24614149"]
[EventCountry "GER"]
[EventRounds "7"]
[EventType "team-swiss"]
[EventDate "2003.12.26"]

1. e4 e5 2. Nf3 Nc6 3. d4 exd4 4. Nxd4 Bc5 5. Be3 Qf6 6. c3 Nge7 7. Bb5 a6 8.
Bxc6 Nxc6 9. Qd2 O-O 10. Nxc6 Qxc6 11. Bxc5 Qxc5 12. Qd4 Qb5 13. b3 Re8 14. Nd2
d5 15. O-O-O dxe4 16. Nxe4 Bf5 17. Rhe1 Bxe4 18. Rxe4 Rxe4 19. Qxe4 Re8 20. Qd5
Qxd5 21. Rxd5 Kf8 22. Kd2 Ke7 23. Re5+ Kd7 24. Rxe8 Kxe8 25. Ke3 Ke7 26. a3 Ke6
27. g4 f6 28. f4 f5 29. g5 c5 30. a4 a5 31. Kd2 Kd5 32. Kd3 b6 33. h3 h6 34.
gxh6 gxh6 35. h4 h5 36. Ke3 Kd6 37. Kd2 Kc6 38. Kc2 Kd6 1/2-1/2

[Event "DVM U20 2003"]
[Site "Ditzingen GER"]
[Date "2003.12.28"]
[Round "4"]
[White "Elgourt, Maja"]
[Black "Pötzsch, Barnim"]
[Result "1/2-1/2"]
[Termination "normal"]
[Board "6.6"]
[WhiteElo "1486"]
[BlackElo "1467"]
[WhiteTeam "SV SF Aachen-Hörn"]
[BlackTeam "ASC Theresianum Mainz"]
[PlyCount "71"]
[EventCountry "GER"]
[EventRounds "7"]
[EventType "team-swiss"]
[EventDate "2003.12.26"]

1. d4 d5 2. c4 Nc6 3. Nf3 dxc4 4. e4 e5 5. Bxc4 Bb4+ 6. Nbd2 exd4 7. O-O Bg4 8.
Nb3 Ne5 9. Nbxd4 Nxf3+ 10. Nxf3 Qxd1 11. Rxd1 Nf6 12. h3 Bh5 13. g4 Bg6 14. e5
Ne4 15. Be3 Rd8 16. Rxd8+ Kxd8 17. Nd4 Bd2 18. Bxd2 Nxd2 19. Bd5 c6 20. Bg2 Re8
21. f4 Be4 22. Bxe4 Nxe4 23. Rd1 Kc7 24. Nf5 g6 25. Ne3 f6 26. exf6 Nxf6 27.
Re1 Kd8 28. Rd1+ Nd7 29. Nc4 Kc7 30. Rf1 b5 31. Nd2 Re2 32. Rf2 Rxf2 33. Kxf2
Nf6 34. Kf3 a5 35. Ne4 Nxe4 36. Kxe4 1/2-1/2

[Event "DVM U20 2003"]
[Site "Ditzingen GER"]
[Date "2003.12.28"]
[Round "4"]
[White "Buckan, Jens"]
[Black "Ortmann, David"]
[Result "0-1"]
[Termination "normal"]
[Board "7.1"]
[WhiteElo "2107"]
[BlackElo "2280"]
[WhiteTeam "SV Empor Erfurt"]
[BlackTeam "TSF Ditzingen"]
[PlyCount "82"]
[WhiteFideId "4684508"]
[BlackFideId "4651588"]
[EventCountry "GER"]
[EventRounds "7"]
[EventType "team-swiss"]
[EventDate "2003.12.26"]

1. e4 e6 2. d3 d5 3. Nd2 Nf6 4. Ngf3 b6 5. g3 dxe4 6. dxe4 Bc5 7. Bg2 Ba6 8. c4
Qd3 9. Qb3 Qxb3 10. axb3 Bb7 11. e5 Ng4 12. O-O Nd7 13. h3 Ngxe5 14. Nxe5 Bxg2
15. Nxd7 Bxf1 16. Nxc5 Bxh3 17. Nd3 f6 18. Nf4 Bf5 19. Nf1 g5 20. Ne2 O-O-O 21.
Nc3 Kb7 22. Be3 h5 23. Nd2 h4 24. Nde4 hxg3 25. fxg3 Rh6 26. Kg2 Rdh8 27. Bg1
Bh3+ 28. Kf3 g4+ 29. Kf2 f5 30. Ng5 Rf6 31. Ke2 e5 32. Nd5 Rg6 33. Nxh3 Rxh3
34. Bf2 Rh2 35. Ne3 f4 36. Nf1 Rh3 37. Rd1 Rd6 38. Rxd6 cxd6 39. Kd3 Rh1 40.
Nd2 Rh2 41. Ne4 Rxf2 0-1

[Event "DVM U20 2003"]
[Site "Ditzingen GER"]
[Date "2003.12.28"]
[Round "4"]
[White "Behm, Simon"]
[Black "Gehlhaar, Christian"]
[Result "1/2-1/2"]
[Termination "normal"]
[Board "7.2"]
[WhiteElo "2045"]
[BlackElo "2119"]
[WhiteTeam "TSF Ditzingen"]
[BlackTeam "SV Empor Erfurt"]
[PlyCount "71"]
[WhiteFideId "4691962"]
[BlackFideId "4663888"]
[EventCountry "GER"]
[EventRounds "7"]
[EventType "team-swiss"]
[EventDate "2003.12.26"]

1. d4 Nf6 2. c4 e6 3. Nc3 Bb4 4. Qc2 Bxc3+ 5. Qxc3 Ne4 6. Qc2 f5 7. Nf3 O-O 8.
e3 b6 9. Bd3 Bb7 10. b3 d6 11. Bb2 Nd7 12. O-O a5 13. Nd2 Nxd2 14. Qxd2 Qh4 15.
f3 Rf6 16. Qf2 Qh5 17. Rae1 Raf8 18. e4 Rh6 19. h3 f4 20. e5 dxe5 21. dxe5 Kh8
22. Qd4 Nc5 23. Ba3 Qg5 24. Bxc5 bxc5 25. Qxc5 Rd8 26. Be4 Bxe4 27. Rxe4 Rxh3
28. Rd4 Rg8 29. Rf2 Qg3 30. Qxa5 Qh2+ 31. Kf1 Rg3 32. Rd1 c6 33. Rd8 h6 34.
Rxg8+ Kxg8 35. Qe1 Qh5 36. Qe4 1/2-1/2

[Event "DVM U20 2003"]
[Site "Ditzingen GER"]
[Date "2003.12.28"]
[Round "4"]
[White "Michalowski, Peter"]
[Black "Reinhold, Dirk"]
[Result "1-0"]
[Termination "normal"]
[Board "7.3"]
[WhiteElo "1787"]
[BlackElo "2018"]
[WhiteTeam "SV Empor Erfurt"]
[BlackTeam "TSF Ditzingen"]
[PlyCount "67"]
[WhiteFideId "24609978"]
[BlackFideId "4685849"]
[EventCountry "GER"]
[EventRounds "7"]
[EventType "team-swiss"]
[EventDate "2003.12.26"]

1. e4 c5 2. Nf3 e6 3. d3 Nc6 4. Nbd2 Qc7 5. g3 d5 6. Bg2 Nf6 7. O-O Be7 8. Re1
b6 9. e5 Nd7 10. Qe2 Bb7 11. h4 O-O-O 12. c3 Rdg8 13. d4 c4 14. b3 Na5 15. bxc4
dxc4 16. Ne4 Bd5 17. Bg5 f6 18. Bf4 Qc6 19. exf6 gxf6 20. Bh3 Nb7 21. Ned2 Nf8
22. Nh2 Nd8 23. h5 Nf7 24. Ng4 Ng5 25. Bxg5 Rxg5 26. Ne3 Kd7 27. Nxd5 Qxd5 28.
Bg2 Qa5 29. Qxc4 f5 30. Nf3 Bf6 31. Nxg5 Bxg5 32. a3 h6 33. Re5 b5 34. Rxb5 1-0

[Event "DVM U20 2003"]
[Site "Ditzingen GER"]
[Date "2003.12.28"]
[Round "4"]
[White "Scheerer, Kim"]
[Black "Strauch, Martin"]
[Result "0-1"]
[Termination "normal"]
[Board "7.4"]
[WhiteElo "1389"]
[BlackElo "1670"]
[WhiteTeam "TSF Ditzingen"]
[BlackTeam "SV Empor Erfurt"]
[PlyCount "98"]
[EventCountry "GER"]
[EventRounds "7"]
[EventType "team-swiss"]
[EventDate "2003.12.26"]

1. e4 d6 2. d4 Nf6 3. Nc3 g6 4. Bc4 Bg7 5. f3 O-O 6. Be3 c6 7. Nge2 b5 8. Bb3
Qc7 9. Qd2 Rd8 10. d5 b4 11. Na4 c5 12. c3 bxc3 13. Naxc3 Ba6 14. Bh6 Nbd7 15.
Bxg7 Kxg7 16. O-O Rab8 17. Rab1 Qb6 18. Kh1 Ne5 19. Rfd1 Nd3 20. Nf4 Nxf4 21.
Qxf4 Nd7 22. Qe3 Rb7 23. Ne2 Rdb8 24. Ng3 Ne5 25. Qc3 Kg8 26. Rd2 Qc7 27. Ne2
Rb4 28. Nf4 Qb6 29. h3 Bc4 30. Bxc4 Nxc4 31. Rf2 Nxb2 32. a3 Na4 33. Rxb4 Nxc3
34. Rxb6 Rxb6 35. Ne2 Nb1 36. Nc1 Nxa3 37. Ra2 Nc4 38. Kh2 a5 39. Ra4 Rb4 40.
Ra2 Kf8 41. Nd3 Rb3 42. Nc1 Rc3 43. Ne2 Ra3 44. Rc2 Ne3 45. Rb2 c4 46. Rb8+ Kg7
47. Rc8 Ra2 48. Nc3 Rxg2+ 49. Kh1 Rg3 0-1

[Event "DVM U20 2003"]
[Site "Ditzingen GER"]
[Date "2003.12.28"]
[Round "4"]
[White "Schoel, Tobias"]
[Black "Beeck, Alexander"]
[Result "1-0"]
[Termination "normal"]
[Board "7.5"]
[WhiteElo "1693"]
[BlackElo "1315"]
[WhiteTeam "SV Empor Erfurt"]
[BlackTeam "TSF Ditzingen"]
[PlyCount "51"]
[EventCountry "GER"]
[EventRounds "7"]
[EventType "team-swiss"]
[EventDate "2003.12.26"]

1. e4 c5 2. Nf3 d6 3. d4 cxd4 4. Nxd4 Nf6 5. Nc3 g6 6. Be3 Bg7 7. f3 O-O 8. Qd2
Nc6 9. O-O-O Bd7 10. Nd5 Qa5 11. Nxe7+ Kh8 12. Qxa5 Nxa5 13. Nb5 Bxb5 14. Bxb5
a6 15. Be2 Rfd8 16. Nd5 Rac8 17. Bb6 Nc4 18. Bxc4 Rd7 19. Nxf6 Bxf6 20. Bd5 Kg7
21. Rd3 Bg5+ 22. Kb1 Bd8 23. Rb3 Bxb6 24. Rxb6 Rdc7 25. Rc1 Rc5 26. Rxb7 1-0

[Event "DVM U20 2003"]
[Site "Ditzingen GER"]
[Date "2003.12.28"]
[Round "4"]
[White "Lembke, Philipp"]
[Black "Sabelfeld, Nastja"]
[Result "0-1"]
[Termination "normal"]
[Board "7.6"]
[WhiteElo "1062"]
[BlackElo "1565"]
[WhiteTeam "TSF Ditzingen"]
[BlackTeam "SV Empor Erfurt"]
[PlyCount "86"]
[EventCountry "GER"]
[EventRounds "7"]
[EventType "team-swiss"]
[EventDate "2003.12.26"]

1. e4 c5 2. Nf3 d6 3. d4 cxd4 4. Nxd4 Nf6 5. Nc3 a6 6. f3 e5 7. Nde2 Be7 8. Be3
O-O 9. Ng3 Be6 10. Bd3 Nbd7 11. Qd2 b5 12. Qe2 Nc5 13. b3 b4 14. Bxc5 dxc5 15.
Na4 a5 16. Qf2 Qc7 17. Qe2 Nd7 18. Rc1 Nb6 19. Nxb6 Qxb6 20. Bc4 Rfd8 21. O-O
a4 22. Kh1 Bd7 23. Rcd1 Qg6 24. Qf2 axb3 25. axb3 Rac8 26. f4 exf4 27. Qxf4 Be8
28. Rxd8 Rxd8 29. Nf5 Bf8 30. Nh4 Qd6 31. Qxd6 Rxd6 32. Nf5 Rd2 33. Rc1 g6 34.
Nh4 Bh6 35. e5 Rd4 36. Re1 Rxh4 37. e6 Rf4 38. exf7+ Bxf7 39. Re8+ Kg7 40. Re7
Kf8 41. Re1 Bxc4 42. bxc4 Rxc4 43. Rf1+ Kg7 0-1

[Event "DVM U20 2003"]
[Site "Ditzingen GER"]
[Date "2003.12.29"]
[Round "5"]
[White "Hellwig, Tobias"]
[Black "Kritz, Leonid"]
[Result "0-1"]
[Termination "normal"]
[Board "1.1"]
[WhiteElo "2054"]
[BlackElo "2533"]
[WhiteTeam "SF Hettstedt"]
[BlackTeam "SG Bochum 31"]
[PlyCount "90"]
[WhiteFideId "4695429"]
[BlackFideId "4653530"]
[EventCountry "GER"]
[EventRounds "7"]
[EventType "team-swiss"]
[EventDate "2003.12.26"]

1. d4 Nf6 2. c4 e6 3. Nc3 Bb4 4. Qc2 O-O 5. e4 d6 6. Bd3 e5 7. d5 a5 8. Nge2
Na6 9. O-O c6 10. Bg5 h6 11. Bh4 Bd7 12. Rac1 Rc8 13. a3 Bc5 14. Qd1 g5 15. Bg3
Nh5 16. Kh1 Qf6 17. Ng1 Qg6 18. Be2 Nxg3+ 19. fxg3 g4 20. Qd2 Kg7 21. Bd3 h5
22. Nd1 Qh6 23. Qxh6+ Kxh6 24. Ne2 Kg7 25. Bb1 cxd5 26. cxd5 Rh8 27. Rc3 Ba7
28. Bd3 Nc5 29. Bc2 Rhd8 30. Re1 b5 31. b4 axb4 32. axb4 Na6 33. Ra3 Nxb4 34.
Rxa7 Nxc2 35. Rf1 b4 36. Nc1 Rc4 37. Nf2 Be8 38. Ncd3 Nd4 39. Nb2 Rc2 40. Nbd3
b3 41. h3 Rb8 42. Nd1 gxh3 43. gxh3 Ne2 44. Rf3 Rd2 45. N3b2 Nd4 0-1

[Event "DVM U20 2003"]
[Site "Ditzingen GER"]
[Date "2003.12.29"]
[Round "5"]
[White "Zaragatski, Ilja"]
[Black "Wilke, Matthias"]
[Result "1-0"]
[Termination "normal"]
[Board "1.2"]
[WhiteElo "2337"]
[BlackElo "2033"]
[WhiteTeam "SG Bochum 31"]
[BlackTeam "SF Hettstedt"]
[PlyCount "64"]
[WhiteFideId "4655192"]
[EventCountry "GER"]
[EventRounds "7"]
[EventType "team-swiss"]
[EventDate "2003.12.26"]

1. e4 e6 2. d4 d5 3. Nd2 Nf6 4. e5 Nfd7 5. c3 c5 6. Bd3 Nc6 7. Ne2 Qb6 8. Nf3
cxd4 9. cxd4 f6 10. exf6 Nxf6 11. O-O Bd6 12. b3 Bd7 13. Bb2 O-O 14. Rc1 Be8
15. Ng3 Bxg3 16. hxg3 Bh5 17. Qd2 a5 18. Rfe1 Nb4 19. Bb1 Ne4 20. Qe3 Bg6 21.
Re2 Bf5 22. Ne5 h6 23. Nd7 Qd6 24. Nxf8 Rxf8 25. Bxe4 Bxe4 26. Ba3 Rf6 27. Bxb4
Qxb4 28. Rc8+ Kh7 29. Qc3 Qb6 30. Rd2 Qa6 31. Qc5 b6 32. Rc6 a4 1-0

[Event "DVM U20 2003"]
[Site "Ditzingen GER"]
[Date "2003.12.29"]
[Round "5"]
[White "Schalk, Martin"]
[Black "Schlawin, Marlon"]
[Result "1/2-1/2"]
[Termination "normal"]
[Board "1.3"]
[WhiteElo "1982"]
[BlackElo "2293"]
[WhiteTeam "SF Hettstedt"]
[BlackTeam "SG Bochum 31"]
[PlyCount "71"]
[BlackFideId "4675584"]
[EventCountry "GER"]
[EventRounds "7"]
[EventType "team-swiss"]
[EventDate "2003.12.26"]

1. e4 Nf6 2. e5 Nd5 3. Bc4 Nb6 4. Bb3 d6 5. d4 dxe5 6. Qh5 e6 7. dxe5 c5 8. Nd2
Qc7 9. c3 Bd7 10. f4 Bc6 11. Qe2 N8d7 12. c4 O-O-O 13. Ngf3 f5 14. Nb1 Be7 15.
Nc3 h6 16. Bd2 g5 17. O-O-O gxf4 18. Bxf4 a6 19. Rhg1 Rdg8 20. Qe3 Rg6 21. Rde1
Kb8 22. g3 Nc8 23. Bc2 b5 24. cxb5 axb5 25. Bxf5 exf5 26. e6 Bd6 27. exd7 Bxd7
28. Bxd6 Rxd6 29. Ne5 b4 30. Nd1 Be6 31. Kb1 Rhd8 32. Nf2 Qa5 33. b3 Ne7 34.
Rc1 Rd2 35. a4 bxa3 36. Rxc5 1/2-1/2

[Event "DVM U20 2003"]
[Site "Ditzingen GER"]
[Date "2003.12.29"]
[Round "5"]
[White "Becker, Martin Alexander"]
[Black "Krege, Sandra"]
[Result "1-0"]
[Termination "normal"]
[Board "1.4"]
[WhiteElo "2244"]
[BlackElo "1916"]
[WhiteTeam "SG Bochum 31"]
[BlackTeam "SF Hettstedt"]
[PlyCount "67"]
[WhiteFideId "4680820"]
[BlackFideId "4680910"]
[EventCountry "GER"]
[EventRounds "7"]
[EventType "team-swiss"]
[EventDate "2003.12.26"]

1. e4 c5 2. Nf3 Nc6 3. d4 cxd4 4. Nxd4 Nf6 5. Nc3 e5 6. Ndb5 d6 7. Bg5 a6 8.
Na3 Be6 9. Nc4 Rc8 10. Bxf6 gxf6 11. Bd3 Rg8 12. Ne3 Bh6 13. O-O Rg6 14. Ncd5
Bxe3 15. fxe3 Rh6 16. Qf3 Bxd5 17. exd5 Ne7 18. c4 Qb6 19. Rf2 Rc7 20. Re1 Kf8
21. b3 Rc8 22. h4 Qc7 23. h5 Kg7 24. g4 Rf8 25. Ref1 Rg8 26. Rg2 Kh8 27. Bf5
Nxf5 28. gxf5 Rg5 29. Rxg5 fxg5 30. f6 Qd7 31. Kg2 Kg8 32. Kg3 Qd8 33. Kg4 Kh8
34. Qf5 {Time} 1-0

[Event "DVM U20 2003"]
[Site "Ditzingen GER"]
[Date "2003.12.29"]
[Round "5"]
[White "Nichelmann, Nils"]
[Black "Iounoussov, Maksim"]
[Result "1-0"]
[Termination "normal"]
[Board "1.5"]
[WhiteElo "2028"]
[BlackElo "2096"]
[WhiteTeam "SF Hettstedt"]
[BlackTeam "SG Bochum 31"]
[PlyCount "63"]
[WhiteFideId "4687256"]
[BlackFideId "4675436"]
[EventCountry "GER"]
[EventRounds "7"]
[EventType "team-swiss"]
[EventDate "2003.12.26"]

1. e4 c5 2. Nc3 e6 3. d3 Nc6 4. g3 g6 5. Bg2 Bg7 6. f4 Nge7 7. Nf3 d5 8. O-O
O-O 9. Ne2 Qc7 10. c3 Bd7 11. Be3 b6 12. g4 dxe4 13. dxe4 Rad8 14. Qe1 f5 15.
gxf5 gxf5 16. e5 Bc8 17. Qh4 h6 18. Ng3 Nd5 19. Bf2 Ba6 20. Rfd1 Qe7 21. Nh5
Qxh4 22. Bxh4 Rc8 23. Nxg7 Kxg7 24. Bg3 Rfd8 25. Kf2 Na5 26. Nh4 Bb7 27. Rd3
Rd7 28. Rad1 Rcd8 29. Nxf5+ exf5 30. Bh4 Re8 31. Bxd5 Ba6 32. Rg3+ 1-0

[Event "DVM U20 2003"]
[Site "Ditzingen GER"]
[Date "2003.12.29"]
[Round "5"]
[White "Smolka, Alexander"]
[Black "Kunth, Andreas"]
[Result "1-0"]
[Termination "normal"]
[Board "1.6"]
[WhiteElo "2136"]
[BlackElo "1903"]
[WhiteTeam "SG Bochum 31"]
[BlackTeam "SF Hettstedt"]
[PlyCount "97"]
[WhiteFideId "4685148"]
[EventCountry "GER"]
[EventRounds "7"]
[EventType "team-swiss"]
[EventDate "2003.12.26"]

1. e4 c5 2. Nf3 Nc6 3. d4 cxd4 4. Nxd4 e5 5. Nb5 Nf6 6. N1c3 d6 7. Bg5 a6 8.
Na3 Be6 9. Nc4 Rc8 10. Bxf6 gxf6 11. Bd3 Nb4 12. Ne3 Bh6 13. O-O Rg8 14. Qh5
Bf4 15. a3 Nxd3 16. cxd3 Kd7 17. Ncd5 Rg6 18. Qf3 Bxe3 19. Nxe3 Qb6 20. Qe2 Qd4
21. Rac1 Rc6 22. Kh1 d5 23. Rcd1 Rc7 24. Qf3 Kd6 25. exd5 Bg4 26. Nxg4 Qxg4 27.
Qxg4 Rxg4 28. Rc1 Rd4 29. Rxc7 Kxc7 30. f4 Rxd3 31. fxe5 Rxd5 32. h3 fxe5 33.
Rxf7+ Rd7 34. Rxd7+ Kxd7 35. Kg1 Ke6 36. Kf2 Kd5 37. Ke3 Kc4 38. g4 b5 39. g5
Kb3 40. h4 Kxb2 41. h5 Kxa3 42. g6 hxg6 43. hxg6 b4 44. g7 b3 45. Kd2 a5 46.
g8=Q a4 47. Qc4 e4 48. Kc3 e3 49. Qe2 1-0

[Event "DVM U20 2003"]
[Site "Ditzingen GER"]
[Date "2003.12.29"]
[Round "5"]
[White "Langrock, Hannes"]
[Black "Korotkevych, Stanislav"]
[Result "1/2-1/2"]
[Termination "normal"]
[Board "2.1"]
[WhiteElo "2336"]
[BlackElo "2320"]
[WhiteTeam "Hamburger SK von 1830"]
[BlackTeam "SG Porz"]
[PlyCount "97"]
[WhiteFideId "4655290"]
[BlackFideId "14107309"]
[EventCountry "GER"]
[EventRounds "7"]
[EventType "team-swiss"]
[EventDate "2003.12.26"]

1. e4 c5 2. c3 Nf6 3. e5 Nd5 4. d4 cxd4 5. cxd4 e6 6. Nf3 d6 7. Bc4 Nc6 8. O-O
Nb6 9. Bb3 d5 10. Nc3 Be7 11. Bc2 Bd7 12. a3 a6 13. Qd2 Nc4 14. Qf4 b5 15. Ne2
b4 16. a4 Qb6 17. Ng5 Bxg5 18. Qxg5 Nxd4 19. Nxd4 Qxd4 20. Bf4 O-O 21. b3 Qb2
22. bxc4 Qxc2 23. cxd5 exd5 24. Qe7 Bxa4 25. Qxb4 Bb5 26. Rfc1 Qe4 27. Qxe4
dxe4 28. Rc7 Rfc8 29. Rac1 Rxc7 30. Rxc7 a5 31. e6 Be8 32. exf7+ Bxf7 33. Rb7
a4 34. Rb8+ Rxb8 35. Bxb8 a3 36. Kf1 a2 37. Be5 Be8 38. Ke2 Kf7 39. h4 g6 40.
Ke3 Ke6 41. Ba1 Kf5 42. f3 exf3 43. gxf3 Ba4 44. Bg7 Bd1 45. Bh8 Ke6 46. Kd2
Bxf3 47. Kc1 h5 48. Kb2 Kd5 49. Bf6 1/2-1/2